[Event "Julian Mazur Memorial"]
[Site "Wellington Chess Club"]
[Date "2017.09.07"]
[Round "8.14"]
[White "Wevers, Alexis"]
[Black "He, Caleb"]
[Result "1-0"]
[WhiteElo "1654"]
[BlackElo "1416"]

1. d4 Nf6 2. Bf4 g6 3. Nf3 Bg7 4. c4 O-O 5. h4 d6 6. Nc3 c5 7. d5 e6 8. e4 e5
9. Be3 Qa5 10. a3 Nxe4 11. b4 Nxc3 12. bxa5 Nxd1 13. Rxd1 b6 14. Ng5 h6 15. Ne4
Rd8 16. Be2 bxa5 17. g4 f5 18. gxf5 Bxf5 19. Ng3 Bd7 20. Bd2 Na6 21. Bxa5 Rdb8
22. Ne4 Rb3 23. Nxd6 Rxa3 24. Bd2 Rb8 25. Be3 Ba4 26. Nb5 Bxd1 27. Nxa3 Bxe2
28. Kxe2 Kf7 29. Nb5 Nb4 30. Bxc5 Nxd5 31. Nd6+ Ke6 32. cxd5+ Kxd5 33. Ba3 Bf8
34. Rd1+ Ke6 35. Nb5 Bxa3 36. Nxa3 a5 37. Nc4 a4 38. Rd6+ Kf5 39. Ra6 Rb4 40.
Ne3+ Ke4 41. f3+ Kd4 42. Nc2+ Kc3 43. Nxb4 Kxb4 44. Rxg6 h5 45. Rb6+ Ka3 46.
Kd3 Ka2 47. Ke4 a3 48. Kxe5 Ka1 49. Ra6 a2 50. f4 Kb1 51. f5 a1=Q+ 52. Rxa1+
Kxa1 53. f6 1-0

[Event "Julian Mazur Memorial"]
[Site "Wellington Chess Club"]
[Date "2017.09.07"]
[Round "8.15"]
[White "Van der Anker, Juan"]
[Black "Hall, Nathan"]
[Result "0-1"]
[WhiteElo "1444"]
[BlackElo "1200"]

1. d4 e6 2. Nf3 d5 3. g3 c5 4. c4 Nf6 5. Bg2 Nc6 6. Bg5 Be7 7. O-O dxc4 8. dxc5
Nd7 9. Bxe7 Qxe7 10. Qc2 Qxc5 11. Nbd2 b5 12. e3 Nf6 13. Rad1 Nb4 14. Ne4 Nxe4
15. Qxe4 Rb8 16. Qd4 Qxd4 17. Nxd4 O-O 18. Nc6 Nxc6 19. Bxc6 Bb7 20. Bxb7 Rxb7
21. Rd4 a5 22. Rfd1 h6 23. Rd7 Rfb8 24. Rd8+ Kh7 25. R8d7 Kg6 26. e4 a4 27.
Rxb7 Rxb7 28. Rc1 Ra7 29. Rc3 Kf6 30. f4 e5 31. Kf2 Rd7 32. Rc2 Rd3 33. Ke2 Ke6
34. Rd2 exf4 35. gxf4 Rh3 36. Kd1 a3 37. Kc1 axb2+ 38. Rxb2 Ra3 39. Kb1 Ra5 40.
Kc2 Kd6 41. Kc3 Kc5 42. Rd2 Ra3+ 43. Kc2 Rxa2+ 44. Kc1 Rxd2 45. Kxd2 Kd4 46. e5
b4 47. Kc2 Ke4 0-1

[Event "Julian Mazur Memorial"]
[Site "Wellington Chess Club"]
[Date "2017.09.07"]
[Round "8.16"]
[White "Forlong-Ford, Colwyn"]
[Black "Meravanage, Satwik"]
[Result "0-1"]
[WhiteElo "1739"]
[BlackElo "1524"]

1. e4 e5 2. Bc4 Nf6 3. Nc3 Bc5 4. d3 d6 5. Bg5 Be6 6. Bb3 Nbd7 7. Nge2 Bxf2+ 8.
Kxf2 Ng4+ 9. Ke1 Qxg5 10. Ng3 Ne3 11. Qd2 h6 12. Nd1 Ng4 13. Qxg5 hxg5 14. Bxe6
fxe6 15. h3 Ngf6 16. Ne3 d5 17. Ke2 dxe4 18. Nxe4 Nxe4 19. dxe4 Nc5 20. Ng4
Nxe4 21. Ke3 Ng3 22. Rhd1 Nf5+ 23. Ke4 Ke7 24. Nxe5 Rh4+ 25. Ng4 Nh6 26. Kf3
Nxg4 27. hxg4 Rf8+ 28. Kg3 Rf4 29. Rd2 Rhxg4+ 30. Kh3 Rd4 31. Rad1 e5 32. c3
Rxd2 33. Rxd2 Rf4 34. g3 Rf3 35. Kg4 Re3 36. Kf5 Rxg3 37. Kxe5 Rg1 38. c4 g4
39. b3 g3 40. Rd3 g2 41. Rg3 Re1+ 0-1

[Event "Julian Mazur Memorial"]
[Site "Wellington Chess Club"]
[Date "2017.09.07"]
[Round "8.17"]
[White "He, Paul"]
[Black "Kibblewhite, Daniel"]
[Result "0-1"]
[WhiteElo "1051"]
[BlackElo "1400"]

1. e4 e6 2. d4 d5 3. Nc3 Nf6 4. Bd3 c5 5. Nge2 Nc6 6. Be3 Qb6 7. Na4 Qa5+ 8.
Nac3 cxd4 9. Bd2 dxc3 10. Nxc3 Qb6 11. Qc1 dxe4 12. Nxe4 Nxe4 13. Bxe4 Bc5 14.
O-O O-O 15. h4 Ne5 16. h5 Ng4 17. h6 Nxf2 18. hxg7 Nd3+ 0-1

[Event "Julian Mazur Memorial"]
[Site "Wellington Chess Club"]
[Date "2017.09.07"]
[Round "8.18"]
[White "Stannard, Bobby"]
[Black "Jacobsen-Grocott, Josiah"]
[Result "1/2-1/2"]
[WhiteElo "1481"]
[BlackElo "1238"]

1. d4 d5 2. c4 c6 3. Nc3 Nf6 4. g3 g6 5. Bg2 dxc4 6. d5 cxd5 7. Nxd5 Nxd5 8.
Qxd5 Qxd5 9. Bxd5 c3 10. bxc3 Bg7 11. Bd2 O-O 12. Nf3 Nc6 13. O-O Rd8 14. Bb3
Ne5 15. Nd4 Ng4 16. e3 e5 17. Nf3 b6 18. Rad1 Bb7 19. Ng5 Nh6 20. Bc1 Bf6 21.
e4 Kg7 22. Rxd8 Rxd8 23. f3 Rd3 24. c4 Be7 25. Rd1 Rxd1+ 26. Bxd1 f6 27. Ne6+
Kf7 28. Nc7 Bc5+ 29. Kg2 Ng8 30. h4 Ne7 31. Nd5 Nc8 32. g4 Nd6 33. Bb3 Ba6 34.
Ne3 Bxe3 35. Bxe3 Bxc4 36. Bxc4+ Nxc4 37. Bh6 a5 38. f4 b5 39. Kf3 b4 40. fxe5
a4 41. exf6 b3 42. axb3 a3 43. e5 a2 44. e6+ Kxf6 45. e7 Kxe7 46. Bg7 Nd2+ 47.
Kf4 Nxb3 48. h5 Kd6 49. hxg6 hxg6 50. Kg5 Kd5 51. Bb2 Nc1 52. Kxg6 Nd3 53. Ba1
Ne5+ 54. Kf5 Nxg4 55. Kxg4 1/2-1/2

[Event "Julian Mazur Memorial"]
[Site "Wellington Chess Club"]
[Date "2017.09.07"]
[Round "8.19"]
[White "Sknar, Andrew"]
[Black "Zhao, Aiden"]
[Result "0-1"]
[WhiteElo "1276"]
[BlackElo "1279"]

1. e4 e5 2. Nf3 Nc6 3. Bc4 Bc5 4. Nxe5 Nxe5 5. d4 Nxc4 6. dxc5 Nf6 7. O-O O-O
8. Nc3 b6 9. Qf3 Bb7 10. Nd5 Nxd5 11. exd5 bxc5 12. Qg4 Bxd5 13. Bh6 Qf6 14.
Be3 Qxb2 15. Qxd7 Nxe3 16. fxe3 Bc4 17. Rfc1 Qe5 18. Re1 Be6 19. Qd3 Rfd8 20.
Qe2 Qc3 21. Rad1 Rxd1 22. Rxd1 Bxa2 23. Rd3 Qb2 24. Qd2 Qa1+ 25. Kf2 Qf6+ 26.
Ke2 Bc4 27. Ke1 Bxd3 28. Qxd3 h6 29. c4 Rb8 30. h3 Rb2 31. Kd1 Qf2 32. Kc1 Ra2
33. h4 Ra1+ 34. Qb1 Rxb1+ 35. Kxb1 Qxe3 36. Kb2 a5 37. Kc2 a4 38. Kb1 Qb3+ 39.
Kc1 a3 40. Kd2 a2 41. Ke2 a1=R 42. Kf2 Ra2+ 43. Kg1 Qg3 44. Kf1 Qf2# 0-1

[Event "Julian Mazur Memorial"]
[Site "Wellington Chess Club"]
[Date "2017.09.07"]
[Round "8.20"]
[White "De Briey, Aurian"]
[Black "Del Favero, Marcus"]
[Result "1-0"]
[WhiteElo "1300"]
[BlackElo "1410"]

1. d4 d5 2. c4 c6 3. Nc3 Nf6 4. Nf3 Bf5 5. Bg5 e6 6. e3 Be7 7. cxd5 cxd5 8.
Bb5+ Nc6 9. Ne5 Rc8 10. Qa4 O-O 11. Bxc6 bxc6 12. Nxc6 Qc7 13. Nxe7+ Qxe7 14.
Bxf6 Qxf6 15. Qxa7 Ra8 16. Qc7 Rfc8 17. Qg3 Rab8 18. b3 h6 19. O-O Ra8 20. Rac1
Ra7 21. Ne4 Qe7 22. Rxc8+ Kh7 23. Nd6 Rxa2 24. Nxf5 exf5 25. h3 1-0

[Event "Julian Mazur Memorial"]
[Site "Wellington Chess Club"]
[Date "2017.09.07"]
[Round "8.21"]
[White "Asher, Bruce"]
[Black "Bennett, Ezra"]
[Result "0-1"]
[WhiteElo "1258"]
[BlackElo "1452"]

1. c4 e5 2. Nc3 Nf6 3. e4 Bc5 4. d3 d6 5. Be2 Nc6 6. h3 Nd4 7. Be3 Bd7 8. Nf3
c6 9. O-O Nxe2+ 10. Qxe2 Bxe3 11. Qxe3 Nh5 12. d4 Qf6 13. dxe5 dxe5 14. Qc5 Nf4
15. Qxe5+ Qxe5 16. Nxe5 Be6 17. b3 f6 18. Nf3 O-O 19. Rfe1 g5 20. Re3 Kh8 21.
e5 g4 22. hxg4 Bxg4 23. Rd1 Rg8 24. Kh2 Bxf3 25. g3 Bxd1 26. Nxd1 Nh5 27. f4
Rad8 28. Nc3 Rg6 29. Kh3 Rd2 30. g4 Nxf4+ 31. Kg3 Nh5+ 32. Kh3 Ng7 33. exf6
Rxf6 34. Re5 Rd3+ 35. Kh4 Rxc3 36. Kg5 Rcf3 0-1

[Event "Julian Mazur Memorial"]
[Site "Wellington Chess Club"]
[Date "2017.09.07"]
[Round "8.22"]
[White "Konakanchi, Pramodh"]
[Black "Proctor, Matthew"]
[Result "0-1"]
[WhiteElo "1106"]
[BlackElo "1464"]

1. e4 e5 2. Nf3 Nc6 3. Bc4 Bc5 4. Nc3 d6 5. h3 Nf6 6. d3 Nd4 7. O-O h6 8. Nxd4
Bxd4 9. Nd5 c6 10. Nxf6+ Qxf6 11. Qe2 b5 12. Bb3 a5 13. c3 a4 14. Bc2 Bc5 15.
Be3 Be6 16. Bxc5 dxc5 17. d4 cxd4 18. cxd4 exd4 19. Qd3 Bc4 20. e5 Qh4 21. Qg3
Qxg3 22. fxg3 Bxf1 23. Rxf1 O-O 24. b3 Rfe8 25. Re1 c5 26. bxa4 bxa4 0-1

[Event "Club Championships"]
[Site "Wellington Chess Club"]
[Date "2017.09.21"]
[Round "1.1.1"]
[White "Nyberg, Michael"]
[Black "Dive, Russell"]
[Result "0-1"]
[WhiteElo "2101"]
[BlackElo "2434"]

1. d4 Nf6 2. e3 c5 3. c3 b6 4. Bd3 Bb7 5. Nf3 e6 6. Nbd2 Be7 7. Qe2 cxd4 8.
cxd4 d5 9. Ne5 O-O 10. O-O Qc8 11. f4 Ba6 12. Ndf3 Bxd3 13. Nxd3 Qa6 14. Bd2
Nc6 15. a3 Rfc8 16. b4 Ne4 17. Rfc1 Nd8 18. Be1 Nb7 19. Nfe5 Nbd6 20. Qd1 f6
21. Nc6 Bf8 22. a4 Qb7 23. b5 a6 24. bxa6 Rxa6 25. Ncb4 Raa8 26. Qg4 Nf5 27.
Nf2 Rxc1 28. Rxc1 Nxf2 29. Kxf2 Rxa4 30. Qd1 b5 31. Nd3 Rc4 32. g4 Nd6 33. Nc5
Qc8 34. Rb1 Qe8 35. Qd3 f5 36. gxf5 exf5 37. Kf1 h6 38. Bg3 Ne4 39. Nxe4 fxe4
40. Qd1 Qc6 41. Be1 Rc2 42. Qg4 Qc4+ 43. Kg1 Qd3 44. Qh3 Re2 45. Ra1 Qxe3+ 46.
Qxe3 Rxe3 47. Bf2 Rf3 48. Ra5 e3 49. Bxe3 Rxe3 50. Rxb5 Rf3 51. Rxd5 Rxf4 52.
Kg2 Kf7 53. Kg3 Rf6 54. Ra5 Bd6+ 55. Kg2 Ke6 56. Ra7 g5 57. Ra5 Rf4 58. d5+ Ke5
59. Ra8 Kxd5 60. Rh8 Rh4 61. h3 Ke4 62. Rd8 Be5 63. Re8 Kf5 64. Rf8+ Bf6 65.
Ra8 Rb4 66. Kf3 Rb3+ 67. Kg2 Rb2+ 68. Kh1 Kf4 69. Ra3 Rf2 70. Ra4+ Kg3 71. Ra3+
Rf3 0-1

[Event "Club Championships"]
[Site "Wellington Chess Club"]
[Date "2017.09.21"]
[Round "1.1.2"]
[White "Sellen, Ian"]
[Black "Perry, Roger"]
[Result "0-1"]
[WhiteElo "2056"]
[BlackElo "2124"]

1. c4 c5 2. Nc3 Nc6 3. d3 g6 4. e4 e5 5. Nf3 Bg7 6. Be2 Nge7 7. Be3 d6 8. Qd2
Nd4 9. O-O O-O 10. Ne1 f5 11. f3 f4 12. Bf2 g5 13. g4 fxg3 14. Bxg3 Ng6 15. Nc2
Bh3 16. Rfe1 Nxf3+ 17. Bxf3 Rxf3 18. Re3 Qf6 19. Rxf3 Qxf3 20. Ne3 Rf8 21. Ncd5
Nf4 22. Bxf4 exf4 23. Ne7+ Kh8 24. Nc2 Qg4+ 25. Kh1 f3 26. Nf5 Bg2+ 27. Kg1 Be5
28. Nce3 Qh3 29. Kf2 Qxh2 30. Ng4 Qf4 31. Qxf4 gxf4 32. Ngh6 Bg7 33. Rd1 Bxh6
34. Nxh6 Rf6 35. Nf5 Bh3 36. Nh4 Bg4 37. Rg1 h5 38. Nxf3 Kg7 39. e5 Re6 40.
exd6 Kf6 41. d4 cxd4 42. c5 d3 43. Nd4 Re4 44. c6 bxc6 0-1

[Event "Club Championships"]
[Site "Wellington Chess Club"]
[Date "2017.09.21"]
[Round "1.1.4"]
[White "Forster, Bill"]
[Black "Timergazi, Layla"]
[Result "0-1"]
[WhiteElo "2093"]
[BlackElo "2158"]

1. d4 Nf6 2. c4 g6 3. Nc3 d6 4. e4 Bg7 5. Be2 O-O 6. g4 c5 7. d5 e6 8. g5 Ne8
9. h4 exd5 10. cxd5 Qe7 11. Bd3 Na6 12. h5 c4 13. Bc2 f5 14. hxg6 hxg6 15. Nge2
Nc5 16. Rh4 Nc7 17. Be3 Nxe4 18. Nxe4 fxe4 19. Rxe4 Qf7 20. Nc3 Bxc3+ 21. bxc3
Nxd5 22. Bd4 Nxc3 23. Rh4 Qe6+ 24. Kf1 Nxd1 25. Rxd1 Qh3+ 26. Rxh3 Bxh3+ 0-1

[Event "Club Championships"]
[Site "Wellington Chess Club"]
[Date "2017.09.21"]
[Round "1.1.5"]
[White "Ker, Anthony"]
[Black "Jackson, Ross"]
[Result "1-0"]
[WhiteElo "2489"]
[BlackElo "2020"]

1. e4 c5 2. c3 d5 3. exd5 Qxd5 4. d4 Nf6 5. Nf3 e6 6. Be3 Ng4 7. Bd3 Nxe3 8.
fxe3 Be7 9. Nbd2 O-O 10. O-O Nc6 11. Qe2 cxd4 12. exd4 a5 13. Nc4 Qd8 14. Rf2
g6 15. Raf1 f6 16. h4 f5 17. h5 b5 18. Nce5 Nxe5 19. Nxe5 Bh4 20. Rf3 Bb7 21.
Rh3 Kg7 22. hxg6 hxg6 23. Nxg6 Kxg6 24. Qxe6+ Rf6 25. Bxf5+ Kg7 26. Qe2 Rh6 27.
Be6 Bf6 28. Rxh6 Kxh6 29. Rf5 Bg5 30. Bf7 1-0

[Event "Club Championships"]
[Site "Wellington Chess Club"]
[Date "2017.09.21"]
[Round "1.2.1"]
[White "Aldridge, Alan"]
[Black "Mullan, Brett"]
[Result "0-1"]
[WhiteElo "1936"]
[BlackElo "1800"]

1. d4 Nf6 2. c4 e6 3. Nc3 Bb4 4. Qc2 Nc6 5. Nf3 d5 6. e3 O-O 7. Bd3 Re8 8. O-O
dxc4 9. Bxc4 a6 10. a3 Bf8 11. Rd1 Ne7 12. e4 c6 13. Bg5 h6 14. Bxf6 gxf6 15.
d5 cxd5 16. exd5 Qc7 17. d6 Qxc4 18. dxe7 Bxe7 19. Rd4 Qc5 20. Rh4 Qf5 21. Qd2
Bf8 22. Rf4 Qg6 23. Re1 e5 24. Nd5 Re6 25. Qc3 Rc6 26. Rxf6 Rxf6 27. Nxe5 Qf5
28. Qg3+ Kh8 29. Nxf6 Qxf6 30. Ng4 Bxg4 31. Qxg4 Rd8 32. g3 Bc5 33. Qe2 Kg7 34.
b4 Bb6 35. Qg4+ Kh8 36. Qe2 Bd4 37. Rc1 b6 38. Rc2 Qe6 39. Qxa6 Qe1+ 40. Qf1
Qxf1+ 41. Kxf1 Rd6 42. Rd2 Kg7 43. f4 Kf6 44. Ke2 Kf5 45. Kf3 h5 46. h3 Ke6 47.
Ke4 Bf6 48. Rc2 Rd4+ 49. Kf3 Rd3+ 50. Kg2 Rc3 51. Re2+ Kd5 52. a4 Rc4 53. Rd2+
Rd4 54. Rxd4+ Kxd4 55. a5 bxa5 56. bxa5 Ke4 57. Kf2 Bd4+ 58. Ke2 f5 59. a6 Ba7
60. g4 fxg4 61. hxg4 hxg4 62. Kf1 Kxf4 63. Kg2 g3 64. Kh1 Ke3 65. Kg2 Kf4 66.
Kh1 Bc5 67. Kg2 Ba7 68. Kh1 Bb8 69. Kg2 Kg4 70. Kg1 Kf3 0-1

[Event "Club Championships"]
[Site "Wellington Chess Club"]
[Date "2017.09.21"]
[Round "1.2.1"]
[White "Mullan, Brett"]
[Black "Lyall, Gordon"]
[Result "1-0"]
[WhiteElo "1923"]
[BlackElo "1854"]

1. Nf3 Nf6 2. g3 g6 3. Bg2 Bg7 4. O-O O-O 5. d3 d5 6. Nbd2 Re8 7. e4 e5 8. exd5
Nxd5 9. Re1 Nc6 10. Nb3 Bg4 11. h3 Bc8 12. Rb1 a5 13. a3 a4 14. Nc5 b6 15. Ne4
f5 16. Ned2 f4 17. Nc4 b5 18. Ncxe5 Nxe5 19. Nxe5 Rxe5 20. Rxe5 Bxe5 21. c4 Nb6
22. gxf4 Bd4 23. Bxa8 Nxa8 24. Qf3 Nb6 25. Be3 Bf5 26. c5 Nc4 27. Rd1 Nxb2 28.
Rd2 b4 29. axb4 a3 30. Bxd4 Qxd4 31. Qa8+ Kg7 32. Re2 Nxd3 33. Re7+ Kh6 34.
Qf8+ 1-0

[Event "Club Championships"]
[Site "Wellington Chess Club"]
[Date "2017.09.21"]
[Round "1.2.2"]
[White "Rossiter, Philip"]
[Black "Stoeveken, Peter"]
[Result "1-0"]
[WhiteElo "1978"]
[BlackElo "1849"]

1. c4 Nf6 2. Nc3 c5 3. Nf3 Nc6 4. g3 e6 5. Bg2 Be7 6. O-O d5 7. cxd5 exd5 8. d4
O-O 9. a3 Re8 10. Re1 cxd4 11. Nxd4 Bc5 12. Nb3 Qb6 13. Nxc5 Qxc5 14. Na4 Qa5
15. b4 Qd8 16. Bb2 Be6 17. Rc1 Rc8 18. Nc5 Rc7 19. Nxb7 Rxb7 20. Rxc6 Rd7 21.
Qd4 Bf5 22. e3 Be4 23. Rec1 Bxg2 24. Kxg2 Qe7 25. Rc8 Rdd8 26. Rxd8 Rxd8 27.
Qf4 Ne4 28. Qg4 f6 29. Rc8 Rxc8 30. Qxc8+ Kf7 31. Qf5 Qe6 32. Qxh7 Ng5 33. Qh5+
g6 34. Qe2 Qh3+ 35. Kg1 Qf5 36. h4 Qb1+ 37. Kg2 Ne6 38. Bd4 Qc1 39. Qf3 Nxd4
40. exd4 Qc4 41. Qe3 Qc6 42. g4 Qb5 43. Kg3 Qb8+ 44. Qf4 Qc8 45. Qe3 Qc7+ 46.
Kg2 Qd7 47. f3 Qc7 48. Qb3 Qc6 49. h5 Qe6 50. Qd3 f5 51. hxg6+ Qxg6 52. Qxf5+
Qxf5 53. gxf5 Kf6 54. Kg3 Kxf5 55. a4 1-0

[Event "Club Championships"]
[Site "Wellington Chess Club"]
[Date "2017.09.21"]
[Round "1.2.3"]
[White "Farrington, Lawrence"]
[Black "Brockway, Andrew"]
[Result "1/2-1/2"]
[WhiteElo "1855"]
[BlackElo "1899"]

1. e4 e5 2. Nf3 Nc6 3. Nc3 Nf6 4. Bb5 Bd6 5. d4 exd4 6. Nxd4 Nxd4 7. Qxd4 Qe7
8. Bg5 Qe5 9. Bxf6 gxf6 10. O-O-O Qxd4 11. Rxd4 Be5 12. Rd3 a6 13. Ba4 b5 14.
Bb3 Bb7 15. Nd5 Bxd5 16. exd5 O-O 17. g3 Rfe8 18. c3 Rac8 { (=) } 19. Kd1 Bd6
20. Bc2 Re5 21. f4 { (=) Draw Agreed } 1/2-1/2

[Event "Club Championships"]
[Site "Wellington Chess Club"]
[Date "2017.09.21"]
[Round "1.2.4"]
[White "Benitez, Edgar"]
[Black "Barraza, Jesse"]
[Result "1-0"]
[WhiteElo "1809"]
[BlackElo "1890"]

1. d4 f5 2. Bg5 g6 3. Nd2 Bg7 4. e4 fxe4 5. Nxe4 Nf6 6. Nxf6+ exf6 7. Be3 d5 8.
Qd2 Be6 9. h4 Nd7 10. h5 Qe7 11. O-O-O O-O-O 12. hxg6 hxg6 13. Rxh8 Rxh8 14.
Bd3 Bf7 15. Re1 Re8 16. Nf3 Qd6 17. Bf4 Rxe1+ 18. Nxe1 Qe7 19. Nf3 Nb6 20. b3
Qa3+ 21. Kb1 Bf8 22. c3 Bd6 23. Bxd6 Qxd6 24. Qh6 g5 25. Bf5+ Kd8 26. Qh8+ Be8
27. Bg6 Qe7 28. Bxe8 Qxe8 29. Qxf6+ Kc8 30. Qxg5 Qe4+ 31. Kb2 Qe2+ 32. Qd2 Qb5
33. Kc2 Qa6 34. Kb1 Qf1+ 35. Ne1 Qb5 36. Ka1 a5 37. Qd3 Qe8 38. Qe3 Qf8 39. Nd3
a4 40. Nc5 a3 41. Qe6+ Kb8 42. Qxb6 1-0

[Event "Club Championships"]
[Site "Wellington Chess Club"]
[Date "2017.09.21"]
[Round "1.3.2"]
[White "Day, Fabian"]
[Black "Winter, Ryan"]
[Result "0-1"]
[WhiteElo "1784"]
[BlackElo "1711"]

1. e4 e5 2. Nf3 Nc6 3. Bc4 Bc5 4. d3 Nf6 5. c3 d6 6. a4 a6 7. Nbd2 O-O 8. O-O
Ba7 9. Re1 Ng4 10. Re2 Kh8 11. Nf1 f5 12. Bg5 Qe8 13. exf5 Bxf5 14. h3 Nf6 15.
Ng3 Bd7 16. d4 Nh5 17. Nxh5 Rxf3 18. Ng3 Rf8 19. dxe5 Nxe5 20. Be3 Bxe3 21.
Rxe3 Rf4 22. Bb3 Qf8 23. Rxe5 dxe5 24. Qxd7 Rxf2 25. Rf1 Rxf1+ 26. Nxf1 Rd8 27.
Qxc7 e4 28. Bc2 Re8 29. Ne3 Re7 30. Nf5 Rf7 {Both of these scoresheets are
rubbish} 0-1

[Event "Club Championships"]
[Site "Wellington Chess Club"]
[Date "2017.09.21"]
[Round "1.3.4"]
[White "Thorpe, Richard"]
[Black "Stracy, Don"]
[Result "1-0"]
[WhiteElo "1632"]
[BlackElo "1737"]

1. e4 c5 2. Nf3 e6 3. d4 cxd4 4. Nxd4 Nf6 5. Nc3 Nc6 { B45 Sicilian Defense:
Four Knights Variation } 6. a3 Be7 7. Bc4 O-O 8. Bf4 a6 9. e5 Ne8 10. Nxc6 bxc6
11. Bd3 d6 12. Qh5 g6 13. Qh6 dxe5 14. Bxe5 Bf6 15. Bxf6 Qxf6 16. O-O-O Bb7 17.
Ne4 Qg7 18. Qxg7+ Kxg7 19. Nc5 Nd6 20. Bxg6 hxg6 21. Rxd6 Ra7 22. Rd7 Rb8 23.
Nxe6+ Kf6 24. Nd8 c5 25. Rxf7+ Kg5 1-0

[Event "Club Championships"]
[Site "Wellington Chess Club"]
[Date "2017.09.21"]
[Round "1.3.5"]
[White "Sole, Michael"]
[Black "Wevers, Alexis"]
[Result "1-0"]
[WhiteElo "1727"]
[BlackElo "1654"]

1. e4 c6 2. d4 d5 3. e5 c5 4. dxc5 Bf5 5. Nf3 e6 6. b4 Nc6 7. c3 Qc7 8. Qa4 Ne7
9. Bb5 Rc8 10. Qxa7 Kd8 11. Qb6 Qxb6 12. cxb6 Nxb4 13. Ng5 Nc2+ 14. Kd2 Nc6 15.
Nxf7+ Ke8 16. Nxh8 Nxa1 17. Na3 Bc5 18. Bb2 Bxf2 19. Rxa1 Bxb6 20. Rf1 Ke7 21.
g4 Rxh8 22. gxf5 exf5 23. Bxc6 bxc6 24. Rxf5 Ke6 25. Rf1 Kxe5 26. c4+ d4 27.
Kd3 c5 28. Nb5 Ke6 29. Bc1 Ra8 30. a3 h6 31. Bf4 g5 32. Bc7 Ba5 33. Rf2 Kd7 34.
Rf7+ Kc6 35. Rh7 Bxc7 36. Rxc7+ Kb6 37. Rh7 Re8 38. Rxh6+ Ka5 39. Nc7 Re3+ 40.
Kd2 Ka4 41. Nd5 Rxa3 42. Ra6+ Kb3 43. Rxa3+ Kxa3 44. Kd3 1-0

[Event "Club Championships"]
[Site "Wellington Chess Club"]
[Date "2017.09.21"]
[Round "1.4.1"]
[White "Konakanchi, Karthik"]
[Black "Zhao, Aiden"]
[Result "1-0"]
[WhiteElo "1504"]
[BlackElo "1279"]

1. e4 e5 2. Nf3 Nc6 3. d4 Nxd4 4. Nxd4 exd4 5. Qxd4 Qf6 6. Be3 g6 7. e5 Qf5 8.
Bd3 Qe6 9. Bc4 Qf5 10. e6 f6 11. Nc3 dxe6 12. O-O-O Be7 13. Nb5 e5 14. Qd5 c6
15. Nc7+ Kf8 16. Qf7# 1-0

[Event "Club Championships"]
[Site "Wellington Chess Club"]
[Date "2017.09.21"]
[Round "1.4.2"]
[White "Asher, Bruce"]
[Black "Theodosiou, Andreas"]
[Result "0-1"]
[WhiteElo "1258"]
[BlackElo "1493"]

1. d4 d5 2. c4 e6 3. Nc3 Nf6 4. Bf4 c6 5. e3 Bb4 6. cxd5 cxd5 7. Qa4+ Nc6 8.
Bb5 Bxc3+ 9. bxc3 Bd7 10. Ne2 O-O 11. O-O a6 12. Bxc6 Bxc6 13. Qa3 Bb5 14. Rfe1
Ne4 15. f3 Nd2 16. Bd6 Nc4 17. Bxf8 Nxa3 18. Bxa3 Qg5 19. Nf4 Rc8 20. Rac1 Bc4
21. Rc2 e5 22. Nh3 Qf5 23. Rb2 Bb5 24. e4 Qe6 25. Ng5 Qg6 26. Nh3 Rxc3 27. Bb4
Rxf3 28. Rc2 Bc4 29. Ree2 Rxh3 30. Kh1 Rd3 31. exd5 Rd1+ 32. Be1 Qxc2 33. Rxe5
h6 34. d6 Bd5 0-1

[Event "Club Championships"]
[Site "Wellington Chess Club"]
[Date "2017.09.21"]
[Round "1.4.3"]
[White "Tagos, Bernardo"]
[Black "Jacobsen-Grocott, Josiah"]
[Result "1-0"]
[WhiteElo "1483"]
[BlackElo "1238"]

1. c4 Nf6 2. Nc3 c5 3. g3 g6 4. Bg2 Bg7 5. Nf3 d6 6. Rb1 Nc6 7. O-O O-O 8. Re1
a6 9. d4 e6 10. Bg5 Rb8 11. e4 Nxd4 12. Nxd4 cxd4 13. Qxd4 e5 14. Qd2 Qc7 15.
Nd5 Nxd5 16. cxd5 b5 17. Rbc1 Qb7 18. Qb4 h6 19. Be3 Rd8 20. Rc6 a5 21. Qxa5
Rd7 22. Rec1 Bf8 23. Bh3 Ra8 24. Qc3 b4 25. Qc4 f5 26. Rxc8 Rxc8 27. Qxc8 Qxc8
28. Rxc8 Ra7 29. Bxa7 1-0

[Event "Club Championships"]
[Site "Wellington Chess Club"]
[Date "2017.09.21"]
[Round "1.4.4"]
[White "He, Paul"]
[Black "Darr, Samuel"]
[Result "1/2-1/2"]
[WhiteElo "1142"]
[BlackElo "1444"]

1. e4 e6 2. d4 d5 3. Nc3 Bb4 4. a3 Bxc3+ 5. bxc3 Ne7 6. Bd3 Nbc6 7. Ne2 f6 8.
O-O e5 9. f4 dxe4 10. Bxe4 exd4 11. cxd4 Bg4 12. Rf2 Rb8 13. Be3 O-O 14. Qd3 f5
15. Bf3 Nd5 16. Qb3 Ne7 17. Bxg4 fxg4 18. Nc3 Kh8 19. Nxd5 Qxd5 20. Qxd5 Nxd5
21. Bd2 g6 22. Raf1 Rf5 23. c4 Ne7 24. Bc3 Rd8 25. d5+ Kg8 26. Re2 1/2-1/2

[Event "Club Championships"]
[Site "Wellington Chess Club"]
[Date "2017.09.21"]
[Round "1.4.6"]
[White "Nagrecha, Prashant"]
[Black "Kibblewhite, Daniel"]
[Result "0-1"]
[WhiteElo "899"]
[BlackElo "1400"]

1. e4 e6 2. Nc3 d5 3. a3 Nf6 4. Bb5+ Bd7 5. d4 Bxb5 6. Nxb5 Nxe4 7. c3 c6 8. f3
Nf6 9. Nxa7 Rxa7 10. Ne2 Nbd7 11. O-O Be7 12. b4 Nb6 13. a4 O-O 14. a5 Nc4 15.
Re1 b6 16. Nf4 bxa5 17. bxa5 Rxa5 18. Rxa5 Qxa5 19. Nd3 Qxc3 20. Bb2 Nxb2 21.
Nxb2 Qxb2 22. g4 c5 23. Qa4 Qxd4+ 24. Qxd4 cxd4 25. Kg2 Rc8 26. Kg3 d3 27. Rb1
d2 28. Kh4 Rc1 29. Rb8+ Bf8 30. g5 Nd7 31. Rd8 Ne5 32. f4 Nf3+ 33. Kh5 g6+ 34.
Kg4 d1=Q 35. h3 Ng1+ 36. Kg3 Qf3+ 37. Kh2 Qxh3# 0-1

[Event "Club Championships"]
[Site "Wellington Chess Club"]
[Date "2017.09.28"]
[Round "2.1.1"]
[White "Dive, Russell"]
[Black "Ker, Anthony"]
[Result "1-0"]
[WhiteElo "2434"]
[BlackElo "2489"]

1. Nf3 c5 2. c4 g6 3. g3 Bg7 4. Bg2 Nc6 5. O-O e5 6. Ne1 Nge7 7. Nc3 f5 8. Nc2
f4 9. Rb1 a5 10. a3 a4 11. Ne1 Qa5 12. d3 O-O 13. Bd2 fxg3 14. hxg3 d6 15. Nc2
Be6 16. Ne3 Kh8 17. Ned5 Bxd5 18. Nxd5 Qd8 19. Nc3 Qa5 20. e3 Ra6 21. Qc2 Rfa8
22. Be4 Ng8 23. b3 axb3 24. Rxb3 Nf6 25. Nd5 Qa4 26. Nxf6 Rb6 27. Rfb1 Bxf6 28.
Qc3 Rxb3 29. Rxb3 Nd8 30. Qb2 Ra7 31. Bc3 Qd7 32. d4 cxd4 33. exd4 Nc6 34. Bxc6
bxc6 35. dxe5 dxe5 36. Bxe5 Bxe5 37. Qxe5+ Kg8 38. Rb8+ Kf7 39. Qh8 Qd1+ 40.
Kg2 Ke6 41. Re8+ Re7 42. Qg8+ Kf6 43. Rxe7 Kxe7 44. Qxh7+ Kf6 45. Qh4+ Kg7 46.
Qe7+ Kh6 47. Qf6 Qa4 48. Qh8+ Kg5 49. f4+ 1-0

[Event "Club Championships"]
[Site "Wellington Chess Club"]
[Date "2017.09.28"]
[Round "2.1.3"]
[White "Timergazi, Layla"]
[Black "Nijman, Brian"]
[Result "0-1"]
[WhiteElo "2158"]
[BlackElo "2146"]

1. d4 Nc6 2. c4 e5 3. e3 Bb4+ 4. Nc3 Nf6 5. Nf3 e4 6. Nd2 O-O 7. Qc2 Re8 8. Be2
d6 9. O-O Bf5 10. b3 a6 11. a3 Bxc3 12. Qxc3 d5 13. Bb2 Qd7 14. Rfd1 Ne7 15.
Nf1 c6 16. a4 h5 17. Ba3 Ng6 18. Ng3 Nh4 19. c5 Bg4 20. Bxg4 Qxg4 21. h3 Qg5
22. Qc2 Re6 23. Qe2 Nxg2 24. Kxg2 h4 25. Kh2 hxg3+ 26. fxg3 Kh7 27. Qf2 Nh5 28.
g4 Nf6 29. Qf5+ Kh6 30. Qxg5+ Kxg5 31. Bb4 Rh8 32. Kg2 Ng8 33. Rf1 Nh6 34. Kg3
f5 35. Ra2 fxg4 36. hxg4 Nxg4 37. Rf7 g6 38. Ba5 Rf6 39. Rxf6 Nxf6 40. Bc7 Nh5+
41. Kg2 Rf8 42. b4 Rf3 43. Re2 Kg4 44. Re1 Ng7 45. Bf4 g5 46. Bh2 Nf5 47. Bg1
Nh4+ 0-1

[Event "Club Championships"]
[Site "Wellington Chess Club"]
[Date "2017.09.28"]
[Round "2.1.4"]
[White "Croad, Nicolas"]
[Black "Sellen, Ian"]
[Result "1/2-1/2"]
[WhiteElo "2393"]
[BlackElo "2056"]

1. e4 e6 2. d4 d5 3. Nc3 Nf6 4. e5 Nfd7 5. f4 c5 6. Nf3 Nc6 7. Be3 a6 8. Qd2 b5
9. Ne2 Qb6 10. c3 b4 11. f5 Be7 12. Nf4 Ndb8 13. Nh5 Bf8 14. f6 g6 15. Ng7+ Kd7
16. dxc5 Bxc5 17. Bxc5 Qxc5 18. c4 Kc7 19. cxd5 Qxd5 20. Qf4 Rd8 21. Bc4 Qc5
22. Rc1 Qa5 23. O-O Kb7 24. Rfd1 Rxd1+ 25. Rxd1 Nd7 26. Bd3 Ndxe5 27. Nxe5 Qxe5
28. Qxe5 Nxe5 29. Be4+ Ka7 30. Bxa8 Kxa8 31. Ne8 Bd7 32. Nd6 Ng4 33. Rf1 Ne5
34. h3 Kb8 35. Rf4 Kc7 36. Nc4 Nxc4 37. Rxc4+ Kd6 38. Rxb4 Ke5 39. Rb7 1/2-1/2